|
|
|
|
| LEADER |
00000nab a2200000 r4500 |
| 001 |
vtls012074796 |
| 003 |
SK-MaSNL |
| 005 |
20260303100104.0 |
| 008 |
220531c2018 xo |r|p||| |000 b|slo |
| 015 |
|
|
|a SNBRB2021/10
|
| 038 |
|
|
|a SPK
|
| 040 |
|
|
|a SPKCL
|b slo
|c rda
|e AACR2
|
| 041 |
0 |
|
|a slo
|b slo
|
| 044 |
|
|
|a xo
|c SK
|
| 072 |
|
7 |
|a 364
|x Sociálne problémy vyžadujúce podporu a pomoc. Sociálne zabezpečenie
|2 konspekt
|
| 072 |
|
7 |
|a 37.09
|x Organizácia výučby a vzdelávanie
|2 konspekt
|
| 080 |
|
|
|a 364-78
|2 2001
|
| 080 |
|
|
|a 37.091.212
|2 2001
|
| 100 |
1 |
|
|a Krúpová, Alžbeta
|4 aut
|9 1110326
|
| 245 |
1 |
0 |
|a Rovesnícke vzdelávanie na našej škole
|c Alžbeta Krúpová
|
| 336 |
|
|
|a text
|b txt
|2 rdacontent
|
| 337 |
|
|
|a počítač
|b c
|2 rdamedia
|
| 338 |
|
|
|a online zdroj
|b cr
|2 rdacarrier
|
| 650 |
0 |
7 |
|a rovesnícke vzdelávanie
|2 snkbucl
|9 755948
|
| 650 |
0 |
7 |
|a rovesnícke skupiny
|2 SNKPH
|9 1094733
|
| 773 |
0 |
|
|t Slovenčinári
|g Roč. 1, č. 2 (2018), s. 19-20
|x 2585-9331
|
| 852 |
|
|
|a SPK
|b KIS3GCP
|
| 856 |
4 |
1 |
|u https://slovencinari9.webnode.sk/
|
| 999 |
|
|
|c 1828014
|d 1829944
|